Remains of spring : (Record no. 104064)

MARC details
000 -LEADER
fixed length control field 00634nam a22001937a 4500
005 - DATE AND TIME OF LATEST TRANSACTION
control field 20161019135642.0
010 ## - LCCN (DPL NO)
LC control number ENG-116232
020 ## - INTERNATIONAL STANDARD BOOK NUMBER
International Standard Book Number 9780199467136
Terms of availability 695.00
035 ## - SYSTEM CONTROL NUMBER
System control number EN-99764
037 ## - SOURCE OF ACQUISITION
Source of stock number/acquisition DBAD/PUB
082 ## - DEWEY DECIMAL CLASSIFICATION NUMBER
Classification number N
100 ## - MAIN ENTRY--PERSONAL NAME
Personal name Goswami,Jibon Krishna
245 ## - TITLE STATEMENT
Title Remains of spring :
Statement of responsibility, etc by Jibon Krishna Goswami ; translated by Manjeet Baruah
Remainder of title A Naga Village in the No Man’s Land /
260 ## - PUBLICATION, DISTRIBUTION, ETC. (IMPRINT)
Place of publication, distribution, etc New Delhi
Name of publisher, distributor, etc Oxford University Press
Date of publication, distribution, etc 2016
270 ## - ADDRESS
Address YMCA Library Building, 1 Jai Singh Road,
City New Delhi
Postal code 110001
300 ## - PHYSICAL DESCRIPTION
Extent Ii,239p.
Dimensions 22cm(pbk)
700 ## - ADDED ENTRY--PERSONAL NAME
Personal name Baruah, Manjeet
942 ## - ADDED ENTRY ELEMENTS (KOHA)
Source of classification or shelving scheme Dewey Decimal Classification
Item type English Books
Call number suffix GOS
Classification part N
Holdings
Withdrawn status Lost status Not for loan Collection code Home library Current library Date acquired Source of acquisition Cost, normal purchase price Full call number Barcode Copy number Cost, replacement price Koha item type
      Non-fiction Bawana Bawana 19/10/2016 DBAD/PUB 695.00 N GOS EN-99764 1 695.00 English Books

© Delhi Public Library
Hit Counter
free hit counter